Políticas de crecimiento urbano: La experiencia de Costa Rica /

Na minha lista:
Detalhes bibliográficos
Autor principal: Carvajal, Manuel J
Formato: Desconhecido
Publicado em: San José: UF. Centro de Estudios Latinoamericanos. MEIC. DGEC
Assuntos:
Tags: Adicionar Tag
Sem tags, seja o primeiro a adicionar uma tag!

MARC

LEADER 00000 a2200000 04500
001 14518
003
008 991231s d
040
090 |a 023301  
100 |a Carvajal, Manuel J  
245 |a Políticas de crecimiento urbano: La experiencia de Costa Rica /  |c Manuel J. Carvajal 
260 |a San José:   |b UF. Centro de Estudios Latinoamericanos. MEIC. DGEC  
650 |a INFRAESTRUCTURA ECONOMICA  
999 |c 13077  |d 13077